The world's midnight hour; (Record no. 5789)

MARC details
000 -LEADER
fixed length control field 00603cam a2200217u 4500
001 - CONTROL NUMBER
control field 6079477
003 - CONTROL NUMBER IDENTIFIER
control field GBCCL
005 - DATE AND TIME OF LATEST TRANSACTION
control field 20241126110550.0
008 - FIXED-LENGTH DATA ELEMENTS--GENERAL INFORMATION
fixed length control field 830617s1957 enk 000 0 eng
010 ## -
-- 59030508
040 ## - CATALOGING SOURCE
Original cataloging agency DLC
Transcribing agency CarP
Modifying agency DLC
050 00 -
-- BT885
-- .A7
082 ## - DEWEY DECIMAL CLASSIFICATION NUMBER
Classification number 236.9
Item number ARN
100 1# - MAIN ENTRY--PERSONAL NAME
Personal name Arnot, Arthur B.
Fuller form of name (Arthur Brooke)
9 (RLIN) 10486
245 14 - TITLE STATEMENT
Title The world's midnight hour;
Remainder of title Armageddon foretold.
260 ## - PUBLICATION, DISTRIBUTION, ETC.
Place of publication, distribution, etc. London,
Name of publisher, distributor, etc. Oliphants
Date of publication, distribution, etc. [1957]
300 ## - PHYSICAL DESCRIPTION
Extent 128 p.
Dimensions 19 cm.
650 #0 - SUBJECT ADDED ENTRY--TOPICAL TERM
Topical term or geographic name entry element Second Advent.
9 (RLIN) 458
906 ## - LOCAL DATA ELEMENT F, LDF (RLIN)
a 0
b cbc
c premunv
d u
e ncip
f 19
g y-gencatlg
942 ## - ADDED ENTRY ELEMENTS (KOHA)
Source of classification or shelving scheme Dewey Decimal Classification
Koha item type Books
Koha issues (borrowed), all copies 1
Holdings
Withdrawn status Lost status Source of classification or shelving scheme Damaged status Not for loan Home library Current Library Shelving location Date acquired Total checkouts Full call number Barcode Date last seen Date last checked out Copy number Price effective from Koha item type
    Dewey Decimal Classification     GRACE BIBLE COLLEGE GRACE BIBLE COLLEGE Theology 2018-04-09 1 236.9 ARN 001374 2025-05-01 2019-10-29 c.1 2018-04-09 Books
© Grace Bible College Library 2025